LEADER 03413nam 2200661Ia 450 001 9910456389303321 005 20200520144314.0 010 $a1-282-03603-3 010 $a9786612036033 010 $a1-4438-0316-2 035 $a(CKB)2420000000004658 035 $a(EBL)1133007 035 $a(OCoLC)815768880 035 $a(SSID)ssj0000304559 035 $a(PQKBManifestationID)11256278 035 $a(PQKBTitleCode)TC0000304559 035 $a(PQKBWorkID)10285337 035 $a(PQKB)10024116 035 $a(MiAaPQ)EBC1133007 035 $a(PPN)24322074X 035 $a(Au-PeEL)EBL1133007 035 $a(CaPaEBR)ebr10677223 035 $a(CaONFJC)MIL203603 035 $a(EXLCZ)992420000000004658 100 $a20090304d2009 uy 0 101 0 $aeng 135 $aur|n|---||||| 181 $ctxt 182 $cc 183 $acr 200 04$aThe Nordic storyteller$b[electronic resource] $eessays in honour of Niels Ingwersen /$fedited by Susan Brantly and Thomas A. DuBois 210 $aNewcastle upon Tyne, UK $cCambridge Scholars Publishing$d2009 215 $a1 online resource (428 p.) 300 $aDescription based upon print version of record. 311 $a1-4438-0145-3 320 $aIncludes bibliographical references. 327 $aTABLE OF CONTENTS; LIST OF ILLUSTRATIONS; NIELS INGWERSEN: AN APPRECIATION; SONGS AND TALES IN ORAL TRADITION; "RIDDAR SANCTE ORRIAN"; TRAUMATIC TRANSFORMATIONS; BY FAITH ALONE?; THE STRONG WIFE; CARL GUNDERSEN'S TRIP TO THE LUMBER CAMP; EQQAAMAVARA, I REMEMBER; TELLING STORIES TO A NATIONAL ARCHIVE; FROM ORAL TRADITION TO LITERATURE; ASBJØRNSEN AT RONDENE; FRITHIOF'S MOTLEY COUSINS; PICTURE AS STORY; TALES IN LITERARY FORM; "HVAD SIGER DEN LILLE SOMMERGJÆK?"; PROLEGOMENA TO A NON-EXTANT TRANSLATION OF DET GRAA HUS; "THE WOODS TAKE REVENGE"; THE ADVENTURES OF DAVID COPPERFIELD IN NOVA SCOTIA 327 $aTONIO KRO?GER'S IMAGINED DENMARKISAK DINESEN AND THE LESSONS OF SCHEHERAZADE; PELLE EROBEREN; PERCEPTIONS OF EDUCATION AND LEARNING FROM STOLEN SPRING TO BORDERLINERS; REFLECTIONS ON THE POLITICAL CLIMATE IN AN APOLITICAL WORLD; CONTRIBUTORS 330 $aThe Nordic Storyteller: Essays in Honour of Niels Ingwersen consists of a set of nineteen research essays plus an introduction, written by colleagues and admirers of Niels and Faith Ingwersen, leaders in the field of Scandinavian Studies in North America for some four decades. A first section of seven essays, entitled "Songs and Tales in Oral Tradition," presents research in the area of folklore studies, including balladry, saints' lives, incantations, healing, legendry, and personal experie... 606 $aFolk literature$xHistory and criticism 606 $aTales$zScandinavia$xHistory and criticism 606 $aSongs$zScandinavia$xHistory and criticism 606 $aFolklore$zScandinavia$xHistory 608 $aElectronic books. 615 0$aFolk literature$xHistory and criticism. 615 0$aTales$xHistory and criticism. 615 0$aSongs$xHistory and criticism. 615 0$aFolklore$xHistory. 676 $a398.20948 701 $aBrantly$b Susan$0994866 701 $aDuBois$b Thomas A$g(Thomas Andrew),$f1960-$0994867 801 0$bMiAaPQ 801 1$bMiAaPQ 801 2$bMiAaPQ 906 $aBOOK 912 $a9910456389303321 996 $aThe Nordic storyteller$92278981 997 $aUNINA LEADER 01143nam a2200289 i 4500 001 991000651329707536 005 20020507171801.0 008 950725s1979 it ||| | eng 035 $ab10738228-39ule_inst 035 $aLE01300190$9ExL 040 $aDip.to Matematica$beng 082 0 $a514.32 084 $aAMS 54D80 100 1 $aCsaszar, Akos$041905 245 10$a[Alfa Beta Gamma Delta] - Compact spaces /$cAkos Csaszar 260 $aTorino :$bIst. Geometria Univ. Torino,$c1979 300 $a152 p. ;$c25 cm. 490 0 $aQuaderni dei Gruppi di ricerca matematica del Consiglio Nazionale delle Ricerche 500 $aLavoro eseguito nell'ambito del Gruppo nazionale per le strutture algebriche e geometriche e loro applicazioni del CNR 650 4$aCompact spaces 650 4$aSpecial constructions of spaces 907 $a.b10738228$b23-02-17$c28-06-02 912 $a991000651329707536 945 $aLE013 54D CSA11 (1979)$g1$i2013000033242$lle013$o-$pE0.00$q-$rl$s- $t0$u2$v0$w2$x0$y.i10828667$z28-06-02 996 $a- Compact spaces$93371062 997 $aUNISALENTO 998 $ale013$b01-01-95$cm$da $e-$feng$git $h0$i1